| 000 | 00420nam a22001337a 4500 | ||
|---|---|---|---|
| 082 | _aBE-EE-3 | ||
| 100 |
_aDaniyal Yasin _992265 |
||
| 245 | _aForest fire detection using wireless sensor networks | ||
| 260 |
_aIslamabad _bNUST-SEECS _c2015 |
||
| 300 |
_a80 _eCD Include |
||
| 500 | _aSupervisors: Dr. Shahzad Younis, Dr. Kashif Saghar | ||
| 856 | _uhttp://10.250.8.41:8080/xmlui/handle/123456789/10798 | ||
| 942 |
_cPR _2ddc |
||
| 999 |
_c13246 _d13246 |
||